Industrial conflict and change in Tanzania / (Record no. 125529)
[ view plain ]
| 000 -LEADER | |
|---|---|
| fixed length control field | 00886cam a2200289 a 4500 |
| 001 - CONTROL NUMBER | |
| control field | 205499 |
| 003 - CONTROL NUMBER IDENTIFIER | |
| control field | ARRUPE |
| 005 - DATE AND TIME OF LATEST TRANSACTION | |
| control field | 20161017145114.0 |
| 008 - FIXED-LENGTH DATA ELEMENTS--GENERAL INFORMATION | |
| fixed length control field | 840224c19831981tz b 000 0 eng d |
| 020 ## - INTERNATIONAL STANDARD BOOK NUMBER | |
| International Standard Book Number | 997610006X |
| 035 ## - SYSTEM CONTROL NUMBER | |
| System control number | (OCoLC)11359288 |
| 035 ## - SYSTEM CONTROL NUMBER | |
| System control number | (OCoLC)ocm11359288 |
| 035 ## - SYSTEM CONTROL NUMBER | |
| System control number | (CStRLIN)NYCG84-B10626 |
| 035 ## - SYSTEM CONTROL NUMBER | |
| System control number | (NNC)205499 |
| 040 ## - CATALOGING SOURCE | |
| Original cataloging agency | NBiSU |
| Transcribing agency | NBiSU |
| 043 ## - GEOGRAPHIC AREA CODE | |
| Geographic area code | f-tz--- |
| 050 ## - LIBRARY OF CONGRESS CALL NUMBER | |
| Classification number | HD5660.T35M54 1983 |
| 090 ## - LOCALLY ASSIGNED LC-TYPE CALL NUMBER (OCLC); LOCAL CALL NUMBER (OCLC) | |
| Classification number (OCLC) (R) ; Classification number, CALL (RLIN) (NR) | HD8797 |
| Local cutter number (OCLC) ; Book number/undivided call number, CALL (RLIN) | .M53 1983 |
| 300 ## - PHYSICAL DESCRIPTION | |
| Dimensions | 21 cm. |
| 100 1# - MAIN ENTRY--PERSONAL NAME | |
| Personal name | Mihyo, Paschal B. |
| 9 (RLIN) | 26814 |
| 245 10 - TITLE STATEMENT | |
| Title | Industrial conflict and change in Tanzania / |
| Statement of responsibility, etc | by Paschal B. Mihyo. |
| 260 ## - PUBLICATION, DISTRIBUTION, ETC. (IMPRINT) | |
| Place of publication, distribution, etc | Dar es Salaam : |
| Name of publisher, distributor, etc | Tanzania Publishing House, |
| Date of publication, distribution, etc | 1983, |
| 300 ## - PHYSICAL DESCRIPTION | |
| Extent | 189 p.; |
| 504 ## - BIBLIOGRAPHY, ETC. NOTE | |
| Bibliography, etc | Includes bibliographical notes. |
| 650 #0 - SUBJECT ADDED ENTRY--TOPICAL TERM | |
| Topical term or geographic name as entry element | Industrial management |
| General subdivision | Employee participation |
| -- | Law and legislation |
| Geographic subdivision | Tanzania. |
| 9 (RLIN) | 26815 |
| 942 ## - ADDED ENTRY ELEMENTS (KOHA) | |
| Source of classification or shelving scheme | Library of Congress Classification |
| Koha item type | Monograph ( Printed materials) |
| Withdrawn status | Lost status | Source of classification or shelving scheme | Damaged status | Not for loan | Collection code | Home library | Current library | Shelving location | Date acquired | Total Checkouts | Full call number | Barcode | Date last seen | Date checked out | Price effective from | Koha item type |
|---|---|---|---|---|---|---|---|---|---|---|---|---|---|---|---|---|
| Library of Congress Classification | Main Collection | ARRUPE LIBRARY | ARRUPE LIBRARY | Main Collection | 17/10/2016 | 1 | HD5660.T35M54 1983 | 46500010786 | 08/05/2018 | 15/03/2017 | 17/10/2016 | Monograph ( Printed materials) |